000 00777nas a2200253 4500
001 BR2010000135
003 BR-BrBNA
005 20231205113813.0
007 ta
008 230509b bl.|||p| |||| 00| 00por d
040 _aBR-BrBNA
_bpor
_cBiblioteca Nacional de Agricultura
041 _a(Pt)
072 _aF40
100 1 _aLuna, R.G. de
100 1 _aCoutinho, H.D.M.
245 1 _aEfeitos do pastejo descontrolado sobre a fitocenose de duas áreas do Cariri Oriental paraibano
650 _aLEVANTAMENTO FISIOGRÁFICO
650 _aCAATINGA
650 _aPASTAGEM
650 _aDETERIORAÇÃO DO SOLO
773 0 _tCaatinga (Brazil)
_xISSN 0100-316X
_g(2007), v. 20(2) p. 8-15
_wBR2010000135
909 _a202311
_bLúcia
_c55
_dLúcia Elande
942 _2AGRIS
_n0
_cANA
999 _c205708
_d205708